| 000 | 00433nam a2200157 i 4500 | ||
|---|---|---|---|
| 001 | 96739 | ||
| 003 | ES-MaACL | ||
| 005 | 20230906181952.0 | ||
| 007 | t| | ||
| 008 | 050630s1973 sp ||||1| spa d | ||
| 100 | 1 |
_aManera, Domingo. _975980 |
|
| 245 | 1 | 0 |
_aCurso rápido de dibujo / _cDomenico Manera. |
| 260 |
_aBarcelona : _bDe Vecchi, _c1973. |
||
| 300 |
_a279 p. con 111 lám. ; _c19 cm. |
||
| 852 |
_aES-MaACL _jC-56170 _bR.88139 |
||
| 999 |
_c96739 _d96739 |
||